000 00521cam a2200181 i 4500
999 _c15416
_d15416
020 _a0070024065 :
082 0 0 _a612.042
_bAST/TE
100 1 _aÅstrand, Per-Olof.
_93104
245 1 0 _aTextbook of work physiology :
250 _a2d ed.
260 _aNew York :
_bMcGraw-Hill,
_cc1977.
300 _axviii, 681 p. :
_bill. ;
490 0 _aMcGraw-Hill series in health education, physical education, and recreation
650 0 _aWork
_93097
650 0 _aExercise
_93105
700 1 _aRodahl, Kåre,
_93106
942 _cBK